Vývoj úverového trhu a ekonomický rast na Slovensku
Analýza vzťahu medzi vývojom úverového trhu a ekonomickým rastom v podmienkach Slovenskej republiky využitím lineárnej regresie a Grangerovej kauzality.
Uložené v:
| Hlavný autor: | |
|---|---|
| Ďalší autori: | |
| Médium: | Kapitola |
| Jazyk: | Slovak |
| Predmet: | |
| Tagy: |
Žiadne tagy, Buďte prvý, kto otaguje tento záznam!
|
MARC
| LEADER | 00000naa a2200000 4500 | ||
|---|---|---|---|
| 001 | 0180965 | ||
| 005 | 20220715094100.7 | ||
| 041 | 0 | |a slo | |
| 044 | |a SK | ||
| 245 | 1 | 0 | |a Vývoj úverového trhu a ekonomický rast na Slovensku |c Michaela Urbanovičová, Beáta Gavurová |
| 520 | |a Analýza vzťahu medzi vývojom úverového trhu a ekonomickým rastom v podmienkach Slovenskej republiky využitím lineárnej regresie a Grangerovej kauzality. | ||
| 610 | 2 | 0 | |a trh úverový |
| 610 | 2 | 0 | |a Slovensko |
| 610 | 2 | 0 | |a rast hospodársky |
| 610 | 2 | 0 | |a analýza regresná |
| 100 | 1 | |a Urbanovičová, Michaela | |
| 700 | 1 | |a Gavurová, Beáta, 1972- | |